Indonesia

Gespeichert in:
Bibliographische Detailangaben
Format: Buch
Sprache:Englisch
Veröffentlicht: Paris OECD 2015
Schriftenreihe:OECD economic surveys
Schlagworte:
Tags: Tag hinzufügen
Keine Tags, Fügen Sie das erste Tag hinzu!

MARC

LEADER 00000nam a2200000 4500
001 0210623
005 20240314123034.0
020 |a 978-92-64-22968-6 
022 |a 2072-5116 
041 0 |a eng 
044 |a FR 
245 1 0 |a Indonesia 
264 1 |a Paris  |b OECD  |c 2015 
300 |a 134 s. 
490 1 |a OECD economic surveys 
830 0 |a OECD economic surveys 
610 2 0 |a makroekonomika 
610 2 0 |a rast hospodársky dlhodobý 
610 2 0 |a politika fiškálna 
610 2 0 |a politika finančná 
610 2 0 |a zdroje prírodné 
610 2 0 |a prostredie životné 
610 2 0 |a poľnohospodárstvo 
610 2 0 |a trh práce 
610 2 0 |a ťažba surovín 
610 2 0 |a Indonézia